Washington Capitals Leaders - Statistics

General Stats
  • This quiz has been taken 84 times
    19 since last reset
  • The average score is 43 of 106
Answer Stats
Stat Number Answer % Correct
Most Goals 929 Alex Ovechkin
100%
Most Assists 758 Alex Ovechkin
100%
Most Points 1687 Alex Ovechkin
100%
Most Games Played 1573 Alex Ovechkin
100%
Most Game Winning Goals 141 Alex Ovechkin
100%
Most Goals 271 Nicklas Bäckström
93%
Most Assists 762 Nicklas Bäckström
93%
Most Points 1033 Nicklas Bäckström
93%
Most Games Played 1105 Nicklas Bäckström
93%
Most Game Winning Goals 39 Nicklas Bäckström
93%
Most Games Played (Goalie) 468 Braden Holtby
86%
Most Wins 282 Braden Holtby
86%
Most Shutouts 35 Braden Holtby
86%
Best Career Save Percentage .916 Braden Holtby
86%
Best Career Goals Against Average 2.53 Braden Holtby
86%
Most Assists 605 John Carlson
86%
Most Points 771 John Carlson
86%
Most Games Played 1143 John Carlson
86%
Most Game Winning Goals 32 John Carlson
86%
Most Goals 397 Mike Gartner
79%
Most Assists 392 Mike Gartner
79%
Most Points 789 Mike Gartner
79%
Most Games Played 758 Mike Gartner
79%
Most Game Winning Goals 54 Mike Gartner
79%
Most Wins 62 Logan Thompson
57%
Most Shutouts 6 Logan Thompson
57%
Best Career Save Percentage .911 Logan Thompson
57%
Best Career Goals Against Average 2.46 Logan Thompson
57%
Most Games Played (Goalie) 711 Olaf Kölzig
57%
Most Wins 301 Olaf Kölzig
57%
Most Shutouts 35 Olaf Kölzig
57%
Best Career Save Percentage .906 Olaf Kölzig
57%
Best Career Goals Against Average 2.70 Olaf Kölzig
57%
Most Goals 209 Tom Wilson
57%
Most Games Played 907 Tom Wilson
57%
Most Game Winning Goals 31 Tom Wilson
57%
Most Goals 192 T.J. Oshie
50%
Most Shutouts 6 Ilya Samsonov
43%
Best Career Save Percentage .902 Ilya Samsonov
43%
Best Career Goals Against Average 2.81 Ilya Samsonov
43%
Most Goals 472 Peter Bondra
43%
Most Assists 353 Peter Bondra
43%
Most Points 825 Peter Bondra
43%
Most Games Played 961 Peter Bondra
43%
Most Game Winning Goals 73 Peter Bondra
43%
Most Assists 397 Evgeny Kuznetsov
36%
Most Points 568 Evgeny Kuznetsov
36%
Most Game Winning Goals 31 Evgeny Kuznetsov
36%
Most Assists 361 Calle Johansson
29%
Most Games Played 983 Calle Johansson
29%
Most Assists 375 Dale Hunter
29%
Most Points 556 Dale Hunter
29%
Most Games Played 872 Dale Hunter
29%
Most Game Winning Goals 29 Dale Hunter
29%
Most Shutouts 6 Darcy Kuemper
29%
Best Career Save Percentage .902 Darcy Kuemper
29%
Most Games Played (Goalie) 139 Jim Carey
29%
Most Wins 70 Jim Carey
29%
Most Shutouts 14 Jim Carey
29%
Best Career Save Percentage .904 Jim Carey
29%
Best Career Goals Against Average 2.37 Jim Carey
29%
Most Goals 197 Alexander Semin
21%
Most Games Played (Goalie) 141 Charlie Lindgren
21%
Most Wins 67 Charlie Lindgren
21%
Most Shutouts 8 Charlie Lindgren
21%
Best Career Goals Against Average 2.90 Charlie Lindgren
21%
Most Games Played 940 Kelly Miller
21%
Most Game Winning Goals 29 Kelly Miller
21%
Most Games Played (Goalie) 134 Michal Neuvirth
21%
Most Shutouts 7 Michal Neuvirth
21%
Best Career Save Percentage .910 Michal Neuvirth
21%
Best Career Goals Against Average 2.67 Michal Neuvirth
21%
Most Assists 418 Michal Pivoňka
21%
Most Points 599 Michal Pivoňka
21%
Most Games Played 825 Michal Pivoňka
21%
Most Shutouts 6 Philipp Grubauer
21%
Best Career Save Percentage .923 Philipp Grubauer
21%
Best Career Goals Against Average 2.29 Philipp Grubauer
21%
Most Games Played (Goalie) 269 Don Beaupre
14%
Most Wins 128 Don Beaupre
14%
Most Shutouts 12 Don Beaupre
14%
Most Wins 62 José Théodore
14%
Best Career Save Percentage .905 José Théodore
14%
Best Career Goals Against Average 2.84 José Théodore
14%
Most Shutouts 6 Vítek Vaněček
14%
Best Career Save Percentage .908 Vítek Vaněček
14%
Best Career Goals Against Average 2.68 Vítek Vaněček
14%
Most Games Played (Goalie) 173 Al Jensen
7%
Most Wins 94 Al Jensen
7%
Most Shutouts 8 Al Jensen
7%
Most Goals 195 Bengt-Åke Gustafsson
7%
Most Assists 359 Bengt-Åke Gustafsson
7%
Most Points 554 Bengt-Åke Gustafsson
7%
Most Game Winning Goals 33 Bengt-Åke Gustafsson
7%
Most Goals 193 Dave Christian
7%
Most Goals 218 Mike Ridley
7%
Most Points 547 Mike Ridley
7%
Most Game Winning Goals 32 Mike Ridley
7%
Most Games Played (Goalie) 139 Pete Peeters
7%
Most Wins 70 Pete Peeters
7%
Most Shutouts 7 Pete Peeters
7%
Most Games Played (Goalie) 145 Ron Low
7%
Most Games Played (Goalie) 143 Pat Riggin
0%
Most Wins 67 Pat Riggin
0%
Most Shutouts 6 Pat Riggin
0%
Most Shutouts 6 Rick Tabaracci
0%
No matching quizzes found
Score Distribution
Percent of People with Each Score
Percentile by Number Answered
Your Score History
You have not taken this quiz since the last reset